|
|
|
|
| LEADER |
00000cam a2200000 7i4500 |
| 001 |
0000002610 |
| 005 |
20030827.0 |
| 020 |
0 |
0 |
|a 9832088070
|
| 090 |
0 |
0 |
|a 678.5309595
|b LAT 2002
|
| 245 |
0 |
0 |
|a LATEX protein allergy update :
|b a decade after its emergence
|
| 260 |
0 |
0 |
|a Kuala Lumpur :
|b Malaysian Rubber Board ,
|c 2002
|
| 300 |
|
|
|a 24 p. :
|b col. ill. ;
|c 23 cm.
|
| 440 |
0 |
0 |
|a Malaysian Rubber Board monograph; no. 3
|
| 500 |
0 |
0 |
|a Bibliography : p. 19-24
|
| 650 |
0 |
0 |
|a Allergy
|
| 650 |
0 |
0 |
|a Gloves industry
|z Malaysia
|
| 650 |
0 |
0 |
|a Latex
|z Malaysia
|
| 710 |
1 |
1 |
|a Lembaga Getah Malaysia
|
| 998 |
|
|
|a JPSM
|
| 999 |
|
|
|a 0000003763
|b Monograph
|c Open Shelf
|e Default branch
|
| 999 |
|
|
|a 0000004695
|b Monograph
|c Open Shelf
|e Default branch
|